|
|
|
|
| LEADER |
00000nab a2200000 a 4500 |
| 001 |
vtls000793359 |
| 003 |
SK-MaSNL |
| 005 |
20260302154526.0 |
| 008 |
040806c2002 xo 0 slo |
| 015 |
|
|
|a SNBRB2002/05-15553
|
| 035 |
|
|
|a CLN000145014
|
| 040 |
|
|
|a SNKBUCL
|b slo
|c SNKBUCL
|e AACR2
|
| 041 |
0 |
|
|a slo
|
| 044 |
|
|
|a xo
|c SK
|
| 080 |
|
|
|a 796.966.093.1(100)
|2 UDC-MRF-SK2
|
| 245 |
0 |
0 |
|a "Ak by sme postúpili, bola by to bomba!"
|b spomienky na 61. Majstrovstvá sveta vo Fínsku (26. apríla-14. mája 1997)
|
| 300 |
|
|
|b Fotogr.
|
| 611 |
2 |
7 |
|a Majstrovstvá sveta v ľadovom hokeji
|d (1997 :
|c Fínsko)
|2 snkbucl
|9 239376
|
| 655 |
|
7 |
|a články z novín a časopisov
|2 snkbucl
|9 267496
|
| 773 |
0 |
|
|x 0139-7001
|t Šport
|g Roč. 56, č. 96 (25.4.2002), s. 66-67
|
| 850 |
|
|
|a Slovenská národná knižnica v Martine
|
| 852 |
|
|
|a SNK
|b KIS3GCP
|
| 999 |
|
|
|c 1368708
|d 1370638
|